000
00252nam a2200097Ia 4500
001
932322
005
20250826214924.0
008
250824s9999 xx 000 0 und d
245
0
_a
ÇANAKKALE SAVAŞI
_c
AHMET HALDUN TERZİOĞLU
260
_b
PANAMA YAYINLARI
999
_c
932322
_d
932322